The noble scholar, jurist, historian


 His Excellency Dr. Abdul Wahhab bin Ibrahim Abu Sulaiman, may Allah have mercy on him.


 He was born in Umm Al-Qura in the year 1356 AH.

تراجم علماء الشافعية في الديار الهندية / (Record no. 6018)

MARC details
000 -LEADER
fixed length control field 02637cam a22003131i 4500
003 - CONTROL NUMBER IDENTIFIER
control field SA-RiAUC
005 - DATE AND TIME OF LATEST TRANSACTION
control field 20250217074221.0
008 - FIXED-LENGTH DATA ELEMENTS--GENERAL INFORMATION
fixed length control field 250215s2010 jo g 00010cara c
020 ## - INTERNATIONAL STANDARD BOOK NUMBER
International Standard Book Number 9789957231460
040 ## - CATALOGING SOURCE
Original cataloging agency SA-MaUQU
Language of cataloging ara
Transcribing agency SA-RiAUC
Modifying agency KAC
Description conventions rda
043 ## - GEOGRAPHIC AREA CODE
Geographic area code a-ii---
082 04 - DEWEY DECIMAL CLASSIFICATION NUMBER
Classification number 922.5830954
Assigning agency SA-RiAUC
090 ## - LOCALLY ASSIGNED LC-TYPE CALL NUMBER (OCLC); LOCAL CALL NUMBER (RLIN)
Classification number (OCLC) (R) ; Classification number, CALL (RLIN) (NR) 922.5830954
Local cutter number (OCLC) ; Book number/undivided call number, CALL (RLIN) م ل ي
100 1# - MAIN ENTRY--PERSONAL NAME
Personal name المليباري، عبد النصير أحمد الشافعي
Relator term مؤلف.
245 10 - TITLE STATEMENT
Title تراجم علماء الشافعية في الديار الهندية /
Statement of responsibility, etc. تأليف عبد النصير أحمد المليباري الشافعي.
250 ## - EDITION STATEMENT
Edition statement الطبعة الأولى.
264 #1 - PRODUCTION, PUBLICATION, DISTRIBUTION, MANUFACTURE, AND COPYRIGHT NOTICE
Place of production, publication, distribution, manufacture عمان، الأردن :
Name of producer, publisher, distributor, manufacturer دار الفتح للدراسات والنشر،
Date of production, publication, distribution, manufacture, or copyright notice 2010
300 ## - PHYSICAL DESCRIPTION
Extent 224 صفحة ؛
Dimensions 24 × 17 سم
336 ## - CONTENT TYPE
Content type term نص
Content type code txt
Source rdacontent
Materials specified كتاب
337 ## - MEDIA TYPE
Media type term بدون وسيط
Media type code n
Source rdamedia
338 ## - CARRIER TYPE
Carrier type term مجلد
Carrier type code nc
Source rdacarrier
504 ## - BIBLIOGRAPHY, ETC. NOTE
Bibliography, etc. note ببليوجرافية : صفحة 215-220.
504 ## - BIBLIOGRAPHY, ETC. NOTE
Bibliography, etc. note يشتمل على إرجاعات ببليوجرافية.
520 ## - SUMMARY, ETC.
Summary, etc. في هذا الكتاب صفحات مشرقة في تراجم ومناقب عدد من رجال الإسلام في الهند، تركوا خدمات مشكورة لعلم الإمام الشافعي وفقهه، وقاموا بتطوير مذهبه خير قيام ؛ حيث أحيوا مجالس العلم والدرس في الضواحي والبوادي، وحققوا مسائل الفقه في دقة، وحلوا مشكلاته على بصيرة، وشيدوا سوقه في الحواضر والمدن بمؤلفاتهم القيمة وكتبهم النيرة. ومؤلف هذا الكتاب يقدم هنا أعظم خدمة للتراث الإنساني، وتراث الإسلام على وجه الخصوص ؛ حيث لم يتصد أحد قبله لجمع تراجم هؤلاء العظماء بهذا الشكل، وقد طرزه بفوائد علمية تترك آثارا بعيدة المدى في الفهم الصحيح للقرآن والسنة، وهو فهم فقهاء السلف الطيب وأئمة الاجتهاد وجماهير الأمة عبر القرون، لا فهم المدعين المفارقين للجماعة، كما أن الكتاب يفتح للتعرف على هوية الهند الإسلامية السنية بابا يقع من العظمة والأهمية بمكان لا يخفى على المتأمل.
563 ## - BINDING INFORMATION
Binding note تجليد سلوفان.
650 #7 - SUBJECT ADDED ENTRY--TOPICAL TERM
Topical term or geographic name entry element الفقهاء الشافعية
Geographic subdivision الهند
Form subdivision تراجم
Source of heading or term aucsh
942 ## - ADDED ENTRY ELEMENTS (KOHA)
Source of classification or shelving scheme Dewey Decimal Classification
Koha item type Books
Suppress in OPAC No
949 ## - LOCAL PROCESSING INFORMATION (OCLC)
a SA-JeALM
d 250215
u mohamedma123
n 1
Holdings
Withdrawn status Lost status Source of classification or shelving scheme Damaged status Not for loan Home library Current library Date acquired Total checkouts Full call number Barcode Date last seen Price effective from Koha item type
    Dewey Decimal Classification     DR AbdElwahab Library DR AbdElwahab Library 02/17/2025   922.5830954 م ل ي 000009720 02/17/2025 02/17/2025 Books